000 00855nam a2200265 i 4500
001 000046285
003 DO-SdBNP
005 20250925084546.0
007 ta
008 110303s2022 dr 000 0 spa d
020 _a9789945937206
040 _aDO-SdBNP
_bspa
_cBNPHU
_erda
041 _aspa
082 4 _a338.98
_bP693i
_222
245 0 0 _aEl impacto de ayudas estatales desde la perspectiva de la competencia :
_bel caso de la Ley 28-01 de Desarrollo Fronterizo
264 4 _aSanto Domingo :
_bComisión Nacional de Defensa de la Competencia,,
_c©2022.
300 _a111 paginas :
_bilustraciones ;
_c23 cm.
336 _atexto
_btxt
_2rdacontent
337 _asin mediación
_bn
_2rdamedia
338 _avolumen
_bnc
_2rdacarrier
590 _ainventariado, 2023 / DG
650 4 _aCrisis económica
_99159
910 _aDG
942 _2ddc
_cLBS1
999 _c53555
_d53555